Top 25 Worst US Cities to Drive In - Statistics

General Stats
  • This quiz has been taken 89 times
  • The average score is 16 of 25
Answer Stats
City % Correct
New York
95%
Los Angeles
94%
San Francisco
92%
Boston
89%
Miami
89%
Seattle
89%
Chicago
88%
Detroit
78%
Philadelphia
76%
Washington
76%
Baltimore
75%
Cleveland
72%
Denver
69%
Minneapolis
65%
New Orleans
65%
St. Louis
61%
Pittsburgh
59%
San Jose
49%
Milwaukee
46%
Oakland
39%
Honolulu
37%
Newark
31%
Long Beach
19%
San Bernardino
11%
Santa Ana
10%
No matching quizzes found
Score Distribution
Percent of People with Each Score
Percentile by Number Answered
Your Score History
You have not taken this quiz